[Event "Tournoi Skype 024B"]
[Site "Skype"]
[Date "????.??.??"]
[Round "7.16"]
[White "Pouteau, Pascal"]
[Black "Ruiz Gomez, Luz Alba"]
[Result "1-0"]
[WhiteElo "1470"]
[BlackElo "1218"]
[PlyCount "67"]

1. d4 d5 2. c4 e6 3. Nc3 Nf6 4. Bg5 Bd6 5. e3 Nbd7 6. Nf3 O-O 7. Bd3 h6 8. Bh4
c5 9. cxd5 cxd4 10. Nxd4 Bb4 11. dxe6 Ne5 12. Bf5 g5 13. exf7+ Nxf7 14. Bxc8
Qxc8 15. Bg3 Bxc3+ 16. bxc3 Qxc3+ 17. Ke2 Rfe8 18. Rc1 Qb2+ 19. Rc2 Qb6 20. h4
g4 21. Qd3 Ne5 22. Bxe5 Rxe5 23. Qg6+ Kf8 24. Qxh6+ Kf7 25. Qf4 Rae8 26. h5 Kg7
27. h6+ Kh7 28. Qg3 Qd6 29. Rd2 Qd7 30. Nc2 Qb5+ 31. Rd3 Qb2 32. Rd2 Ne4 33.
Qxg4 Nxd2 34. Qg7# 1-0

[Event "Tournoi Skype 024B"]
[Site "Skype"]
[Date "????.??.??"]
[Round "7.17"]
[White "Malbec, Robert"]
[Black "Sanchez Padilla, Armando Edilber"]
[Result "0-1"]
[WhiteElo "1451"]
[BlackElo "1271"]
[PlyCount "116"]

1. e4 e5 2. Nf3 Nc6 3. Bc4 Bc5 4. c3 Nf6 5. d4 Bb6 6. d5 Nxe4 7. O-O Na5 8. Bd3
Nd6 9. b4 Nac4 10. Re1 Qe7 11. Qe2 f6 12. Bxc4 Nxc4 13. Qxc4 c6 14. dxc6 bxc6
15. Qg4 d5 16. Qg3 Bc7 17. Qh4 Bf5 18. Nbd2 g5 19. Qh5+ Bg6 20. Qh3 h5 21. g4
Qe6 22. Qg2 hxg4 23. Nd4 Qd6 24. N4b3 O-O-O 25. Nf1 Rh3 26. Ne3 f5 27. Nf1 Bh5
28. Re3 Rxe3 29. Bxe3 Bb6 30. Bxg5 Rg8 31. Be3 d4 32. cxd4 exd4 33. Bf4 Qxf4
34. Qg3 Qf3 35. Nbd2 Qe2 36. Rc1 Be8 37. b5 Qxb5 38. Nc4 Bc7 39. Qd3 Qd5 40.
Ng3 Rh8 41. Qxf5+ Qxf5 42. Nxf5 Bxh2+ 43. Kg2 Bf4 44. Re1 Bd7 45. Ng3 c5 46.
Re4 Bc6 47. f3 gxf3+ 48. Kxf3 Bxg3 49. Kxg3 Bxe4 50. Nd6+ Kd7 51. Nxe4 Kc6 52.
Nd2 Re8 53. Kf3 d3 54. Ne4 c4 55. Nd2 c3 56. Nb3 d2 57. Nd4+ Kd5 58. Nb3 d1=Q+
0-1

[Event "Tournoi Skype 024B"]
[Site "Skype"]
[Date "????.??.??"]
[Round "7.18"]
[White "Borg, Anthony"]
[Black "Pezzolato, Erica"]
[Result "1/2-1/2"]
[WhiteElo "1363"]
[BlackElo "1000"]
[PlyCount "44"]

1. d4 Nf6 2. Bf4 g6 3. e3 Bg7 4. Bd3 O-O 5. c4 d6 6. Nf3 Nbd7 7. Nc3 c5 8. O-O
Nh5 9. Nd5 Nxf4 10. Nxf4 cxd4 11. Nxd4 Nc5 12. Nd5 Nxd3 13. Qxd3 Bd7 14. b3 e5
15. Nf3 e4 16. Qxe4 Bxa1 17. Rxa1 Re8 18. Qd4 Re6 19. Re1 Bc6 20. Rd1 Bxd5 21.
Qxd5 Qe7 22. Rd4 h6 1/2-1/2

[Event "Tournoi Skype 024B"]
[Site "Skype"]
[Date "????.??.??"]
[Round "7.19"]
[White "Codina, Teresa"]
[Black "Luna Perez Vico, Lorenzo"]
[Result "0-1"]
[WhiteElo "1159"]
[BlackElo "1395"]
[PlyCount "52"]

1. e4 c5 2. Nf3 Nc6 3. d4 cxd4 4. Nxd4 Nf6 5. Nc3 a6 6. a4 e6 7. Be2 Be7 8. O-O
d5 9. Bg5 Nxe4 10. Bxe7 Qxe7 11. Nxc6 bxc6 12. Nxe4 dxe4 13. Qd4 O-O 14. Qxe4
Bb7 15. Bd3 g6 16. Rad1 Qf6 17. Qe3 Qe7 18. Be2 c5 19. Bf3 c4 20. c3 Bxf3 21.
Qxf3 Rab8 22. Rd2 Rfd8 23. Rfd1 Rxd2 24. Rxd2 Qg5 25. Qe2 Rxb2 26. Rd8+ Qxd8
0-1

[Event "Tournoi Skype 024B"]
[Site "Skype"]
[Date "????.??.??"]
[Round "7.21"]
[White "Felippe E Silva, Glenda"]
[Black "Teles, Jeferson Lisboa"]
[Result "1-0"]
[WhiteElo "1259"]
[BlackElo "1554"]
[PlyCount "85"]

1. d4 Nf6 2. Nf3 e6 3. Bf4 d5 4. e3 c5 5. h3 Nbd7 6. c3 a6 7. Bd3 c4 8. Bc2 b5
9. Nbd2 Be7 10. O-O Bb7 11. Re1 Ne4 12. Nxe4 dxe4 13. Ne5 g6 14. Rb1 h5 15. b3
cxb3 16. axb3 Nxe5 17. Bxe5 O-O 18. c4 bxc4 19. bxc4 Bc6 20. c5 a5 21. Rb6 Bd5
22. Bb3 a4 23. Bxa4 f6 24. Bf4 e5 25. Bh2 exd4 26. exd4 f5 27. Bc6 Bxc6 28.
Rxc6 Qd5 29. Rxg6+ Kf7 30. Qxh5 Ke8 31. Qd1 Ra2 32. Rb6 e3 33. Rxe3 Ra8 34.
Rb8+ Rxb8 35. Bxb8 Rg8 36. g3 Kd7 37. Be5 Bh4 38. Qf3 Qa2 39. Qxf5+ Kc6 40. Bf6
Bxg3 41. Rxg3 Qa1+ 42. Kg2 Ra8 43. d5+ 1-0

[Event "Tournoi Skype 024B"]
[Site "Skype"]
[Date "????.??.??"]
[Round "7.22"]
[White "Gerbaux, Regis"]
[Black "Dhenain, Sebastien"]
[Result "1-0"]
[WhiteElo "1331"]
[BlackElo "1244"]
[PlyCount "51"]

1. d4 d5 2. c4 e6 3. Nc3 Nf6 4. e3 Nc6 5. a3 Bd6 6. Nf3 O-O 7. Bd3 e5 8. dxe5
Nxe5 9. cxd5 Bg4 10. Be2 Nxf3+ 11. Bxf3 Bxf3 12. Qxf3 Bc5 13. O-O Nd7 14. e4
Ne5 15. Qg3 Qf6 16. Be3 Bd6 17. Bf4 Qg6 18. Bxe5 Qxg3 19. Bxg3 Bxg3 20. fxg3
Rad8 21. Rf5 g6 22. Re5 f6 23. Re7 c6 24. Rxb7 cxd5 25. Nxd5 Rc8 26. Ne7+ 1-0

[Event "Tournoi Skype 024B"]
[Site "Skype"]
[Date "????.??.??"]
[Round "7.23"]
[White "Scata, Laura"]
[Black "Farfallini, Michel"]
[Result "0-1"]
[WhiteElo "1304"]
[BlackElo "1185"]
[PlyCount "50"]

1. e4 e5 2. Nf3 Nc6 3. Bc4 Be7 4. d4 exd4 5. Nxd4 Bc5 6. Nxc6 Qf6 7. Be3 Bxe3
8. fxe3 Qh4+ 9. g3 Qxe4 10. Kd2 Qxc4 11. Nd4 Nf6 12. Na3 Ne4+ 13. Kc1 Qc5 14.
Qf3 d5 15. Rf1 Nf6 16. Kd2 Qb4+ 17. Kc1 O-O 18. c3 Qb6 19. Nac2 c5 20. Nf5 Bxf5
21. Qxf5 d4 22. c4 Rae8 23. Rf3 Qa5 24. g4 dxe3 25. Kd1 e2+ 0-1

[Event "Tournoi Skype 024B"]
[Site "Skype"]
[Date "????.??.??"]
[Round "7.24"]
[White "Moumtaz, Abderrahim"]
[Black "Chavez, Isidro"]
[Result "0-1"]
[WhiteElo "1292"]
[BlackElo "1000"]
[PlyCount "68"]

1. d4 d5 2. c4 e6 3. Nf3 a6 4. Nc3 c6 5. Bf4 Bb4 6. e3 Nd7 7. Qb3 Bxc3+ 8. Qxc3
Ngf6 9. Bd3 h6 10. O-O Nb6 11. a4 a5 12. b4 dxc4 13. Bxc4 Ne4 14. Qb3 O-O 15.
Bd3 f5 16. Ne5 Nd2 17. Qb2 Nxf1 18. Rxf1 Nxa4 19. Qb1 Nc3 20. Qb3 Nd5 21. Ng6
Rf6 22. Ne5 axb4 23. Bc4 Ra3 24. Qb2 Nc3 25. Qxb4 Qa5 26. Qxa5 Rxa5 27. f3 Ra4
28. Rc1 Ra3 29. Nd3 b5 30. Nb2 bxc4 31. Nxc4 Rb3 32. Na5 Ne2+ 33. Kf1 Nxc1 34.
Nxb3 Nxb3 0-1

[Event "Tournoi Skype 024B"]
[Site "Skype"]
[Date "????.??.??"]
[Round "7.25"]
[White "Battaglia, Gabriele"]
[Black "Sanchez, Pedro"]
[Result "1-0"]
[WhiteElo "1282"]
[BlackElo "1000"]
[PlyCount "99"]

1. Nf3 e6 2. g3 b6 3. Bg2 Bb7 4. O-O Nf6 5. d3 Bc5 6. h3 O-O 7. Bd2 Nc6 8. a3
Nh5 9. Bc3 Nxg3 10. Re1 e5 11. b4 Bd6 12. fxg3 e4 13. Nfd2 Bxg3 14. Rf1 Re8 15.
Nxe4 Qh4 16. Nxg3 Qxg3 17. Nd2 Ne5 18. Nf3 Nxf3+ 19. exf3 Re6 20. Qd2 Rg6 21.
Rf2 Qxh3 22. Re1 Bxf3 23. Re3 Rxg2+ 24. Rxg2 f6 25. Bxf6 Kf7 26. Bxg7 Rg8 27.
Qf2 Rxg7 28. Rxf3+ Qxf3 29. Qxf3+ Kg8 30. Qa8+ Kf7 31. Qd5+ Kf8 32. Rxg7 Kxg7
33. Qxd7+ Kg6 34. Kg2 h5 35. Kg3 Kg5 36. Qxc7 h4+ 37. Kh3 a5 38. bxa5 bxa5 39.
Qc4 Kf6 40. Qxh4+ Ke5 41. Qe4+ Kd6 42. Kg4 Kc5 43. Kf5 Kb5 44. a4+ Kb6 45. Qd5
Kc7 46. Ke6 Kb6 47. Kd6 Ka7 48. Kc7 Ka6 49. Qc6+ Ka7 50. Qb7# 1-0

[Event "Tournoi Skype 024B"]
[Site "Skype"]
[Date "????.??.??"]
[Round "7.26"]
[White "Santos, Joselito"]
[Black "Hargez, Dany"]
[Result "1-0"]
[WhiteElo "1000"]
[BlackElo "1277"]
[PlyCount "121"]

1. d4 d5 2. Nc3 Nf6 3. Bg5 Bf5 4. e3 e6 5. h3 Bb4 6. Nge2 Be4 7. a3 Bxc3+ 8.
Nxc3 Nbd7 9. Qd2 c5 10. f3 Bg6 11. Bb5 a6 12. Bxd7+ Qxd7 13. Bxf6 gxf6 14. O-O
Bf5 15. g4 Rg8 16. Rf2 h6 17. Rg2 Bg6 18. f4 f5 19. g5 hxg5 20. Rxg5 f6 21. Rg3
Qh7 22. Kg2 O-O-O 23. Na4 Rg7 24. Nxc5 Bh5 25. Rxg7 Qxg7+ 26. Kh2 Rg8 27. Qf2
Bf7 28. Rg1 Qf8 29. Rxg8 Qxg8 30. Qd2 Bh5 31. Qg2 Bf7 32. Qxg8+ Bxg8 33. h4 Kc7
34. h5 e5 35. Kg3 e4 36. h6 Kc6 37. Ne6 Kd7 38. Nf8+ Ke7 39. h7 Bxh7 40. Nxh7
Kf7 41. Kh4 Kg7 42. Nxf6 Kxf6 43. Kh5 Ke6 44. Kg6 b5 45. b4 Kd6 46. Kxf5 Kc6
47. Ke5 Kb6 48. Kxd5 a5 49. f5 axb4 50. axb4 Kc7 51. Ke6 Kc6 52. d5+ Kc7 53.
d6+ Kd8 54. f6 Ke8 55. d7+ Kd8 56. f7 Kc7 57. f8=Q Kc6 58. d8=R Kc7 59. Qd6+
Kb7 60. Rd7+ Kc8 61. Qf8# 1-0

[Event "Tournoi Skype 024B"]
[Site "Skype"]
[Date "????.??.??"]
[Round "7.27"]
[White "Milanese, Serge"]
[Black "Tembhurnekar, Ritu"]
[Result "1-0"]
[WhiteElo "1411"]
[BlackElo "1000"]
[PlyCount "105"]

1. e4 e5 2. Nf3 d6 3. d4 Nf6 4. Nc3 Qe7 5. dxe5 dxe5 6. Bc4 c6 7. Ng5 Bg4 8.
Bxf7+ Qxf7 9. Nxf7 Bxd1 10. Nxh8 Bh5 11. a3 Nbd7 12. Be3 Bc5 13. O-O O-O-O 14.
Rfe1 Rxh8 15. b4 Bd4 16. Bxd4 exd4 17. e5 Ng4 18. Ne4 Ndxe5 19. h3 Nf6 20. Nd6+
Kc7 21. Rxe5 Kxd6 22. Rc5 Re8 23. Rg5 g6 24. g4 Ne4 25. Re1 h6 26. Rc5 b6 27.
gxh5 bxc5 28. bxc5+ Kxc5 29. hxg6 Kd5 30. f3 Nf6 31. Rxe8 Nxe8 32. Kf2 Ke5 33.
Ke2 Kf6 34. Kd3 c5 35. Kc4 Ke5 36. Kxc5 h5 37. h4 Kf4 38. a4 Kxf3 39. Kxd4 Kf4
40. a5 Kf5 41. Kc5 Ke6 42. Kc6 Ke7 43. a6 Kd8 44. Kb7 Nd6+ 45. Kxa7 Kc7 46. g7
Nb5+ 47. Ka8 Kb6 48. g8=Q Nc7+ 49. Kb8 Nxa6+ 50. Kc8 Kc6 51. Qc4+ Kb6 52. c3
Ka7 53. Qc6 1-0

[Event "Tournoi Skype 024B"]
[Site "Skype"]
[Date "????.??.??"]
[Round "7.28"]
[White "Barrionuevo, Hilario"]
[Black "De Coninck, Philippe"]
[Result "1-0"]
[WhiteElo "1000"]
[BlackElo "1475"]
[PlyCount "67"]

1. d4 d5 2. Nf3 c6 3. Bg5 h6 4. Bh4 g6 5. e3 Bg7 6. c4 Nf6 7. Nc3 e6 8. cxd5
cxd5 9. Qa4+ Nc6 10. Bb5 Bd7 11. e4 Qc7 12. exd5 exd5 13. O-O O-O 14. Rfe1 a6
15. Bd3 Ne5 16. Qc2 Nxf3+ 17. gxf3 Be8 18. Rad1 Qf4 19. Bg3 Qxf3 20. Be2 Qf5
21. Bd3 Qh3 22. Re3 Ng4 23. Rf3 Bxd4 24. Be2 Bf6 25. Bf4 Qh5 26. Nxd5 Bg7 27.
Ne7+ Kh7 28. Qd3 Bb5 29. Qd2 Bxe2 30. Qxe2 Bf6 31. Bd6 Rae8 32. Rdd3 Rd8 33.
Rh3 Qf5 34. Nxf5 1-0

[Event "Tournoi Skype 024B"]
[Site "Skype"]
[Date "????.??.??"]
[Round "7.29"]
[White "Kumbhar, Ashok"]
[Black "Almiron, Patricia"]
[Result "0-1"]
[WhiteElo "1000"]
[BlackElo "1304"]
[PlyCount "106"]

1. d4 Nf6 2. c4 g6 3. Nc3 Bg7 4. Nf3 d5 5. e3 c6 6. Be2 O-O 7. O-O Nbd7 8. a4
a5 9. Qb3 Nb6 10. cxd5 cxd5 11. Bd2 Bg4 12. Rfc1 Ne4 13. Be1 Be6 14. Nb5 Nc4
15. Rc2 b6 16. Rac1 Qb8 17. Nc3 Nf6 18. Nxd5 Bxd5 19. Bxc4 Bxf3 20. gxf3 e6 21.
Bb5 Ra7 22. Rc6 Rd8 23. h3 h5 24. f4 Bf8 25. Qc4 Kh7 26. Rc8 Rxc8 27. Qxc8 Qxc8
28. Rxc8 Bd6 29. Rc6 Bc7 30. b4 Nd5 31. bxa5 bxa5 32. Rc5 Bd6 33. Rc4 Bb4 34.
Kf1 Rc7 35. Ke2 Rxc4 36. Bxc4 Nc3+ 37. Bxc3 Bxc3 38. Kd3 Be1 39. f3 Kg7 40. e4
Kf6 41. d5 exd5 42. Bxd5 Bg3 43. Kc4 Bxf4 44. Kd3 h4 45. Kc4 g5 46. Kb5 Bd2 47.
Kc6 Kg6 48. e5 Kf5 49. Bxf7 Kxe5 50. Bd5 Kf4 51. Kd6 Kg3 52. Ke6 Kxh3 53. Kf5
Kg3 0-1

[Event "Tournoi Skype 024B"]
[Site "Skype"]
[Date "????.??.??"]
[Round "7.30"]
[White "Mimouni, Driss"]
[Black "Hernandez Lopez, Joaquin"]
[Result "0-1"]
[WhiteElo "1058"]
[BlackElo "1270"]
[PlyCount "112"]

1. e4 e5 2. d4 exd4 3. Qxd4 Nc6 4. Qd1 Bc5 5. c3 Nf6 6. Nf3 Nxe4 7. Bg5 Nxg5 8.
Nxg5 Qxg5 9. Qe2+ Qe7 10. b4 Qxe2+ 11. Bxe2 Bd6 12. O-O O-O 13. Nd2 b6 14. Nc4
Bf4 15. Rad1 d6 16. b5 Ne5 17. Bf3 Rb8 18. Rd4 Nxf3+ 19. gxf3 Be5 20. Nxe5 dxe5
21. Rd5 Bb7 22. Rxe5 Rbe8 23. f4 Rxe5 24. fxe5 Re8 25. Re1 Re6 26. Re3 Rg6+ 27.
Rg3 Rxg3+ 28. fxg3 Bd5 29. a4 Bc4 30. Kf2 a6 31. bxa6 Bxa6 32. Ke3 Bc4 33. Kd4
Be6 34. c4 c5+ 35. Ke4 Bxc4 36. h4 h5 37. Kf4 f6 38. exf6 gxf6 39. Kf5 Kg7 40.
g4 hxg4 41. Kxg4 Kg6 42. h5+ Kh6 43. Kf5 Kg7 44. h6+ Kxh6 45. Kxf6 Ba6 46. Ke5
Kg5 47. Kd6 c4 48. Kd5 c3 49. Kd4 c2 50. Kc3 c1=Q+ 51. Kb3 Qc4+ 52. Ka3 Qc3+
53. Ka2 Bc4+ 54. Kb1 Bb3 55. a5 Qc2+ 56. Ka1 Qa2# 0-1

[Event "Tournoi Skype 024B"]
[Site "Skype"]
[Date "????.??.??"]
[Round "7.31"]
[White "Douichi, Mohammed"]
[Black "Uribe, Tata"]
[Result "1-0"]
[WhiteElo "1243"]
[BlackElo "1000"]
[PlyCount "37"]

1. e4 e5 2. Nf3 Nc6 3. Bc4 Bc5 4. O-O Nf6 5. Ng5 h6 6. Nxf7 Qe7 7. Nxh8 Nxe4 8.
Qh5+ Kf8 9. Ng6+ Ke8 10. Nxe7+ Kxe7 11. Qf7+ Kd8 12. Qg8+ Ke7 13. Qxg7+ Kd6 14.
Qxh6+ Ke7 15. Qh4+ Kd6 16. Qxe4 b6 17. Qd5+ Ke7 18. Qf7+ Kd6 19. Qf6# 1-0

[Event "Tournoi Skype 024B"]
[Site "Skype"]
[Date "????.??.??"]
[Round "7.33"]
[White "Le Bouill, Pierre"]
[Black "Tekes, Gamze"]
[Result "0-1"]
[WhiteElo "1265"]
[BlackElo "1010"]
[PlyCount "50"]

1. Nf3 d5 2. c4 Nf6 3. g3 Nc6 4. Bg2 Bd7 5. b3 e5 6. d3 Bb4+ 7. Bd2 Bc5 8. O-O
O-O 9. Re1 Re8 10. cxd5 Nxd5 11. Qc2 b6 12. a3 Re6 13. Bg5 Qe8 14. e4 Nde7 15.
b4 Bd6 16. Nc3 h6 17. Be3 Ng6 18. Nb5 Rc8 19. Nxd6 Rxd6 20. Qe2 Be6 21. Nh4 Qd7
22. Nf5 Nd4 23. Bd2 Nxe2+ 24. Rxe2 Rxd3 25. Re3 Rxd2 0-1

[Event "Tournoi Skype 024B"]
[Site "Skype"]
[Date "????.??.??"]
[Round "7.34"]
[White "Lecluyse, Koenraad"]
[Black "Conde, Carmen"]
[Result "0-1"]
[WhiteElo "1227"]
[BlackElo "1000"]
[PlyCount "56"]

1. d4 d5 2. Nf3 h6 3. Bf4 e6 4. e3 Nc6 5. Bd3 Bb4+ 6. c3 Ba5 7. O-O Nge7 8. Qc2
Ng6 9. Bg3 O-O 10. e4 Nce7 11. Ne5 dxe4 12. Bxe4 c6 13. Nd2 f5 14. Bf3 f4 15.
Nxg6 Nxg6 16. Qxg6 Rf6 17. Qh5 fxg3 18. hxg3 Qd6 19. Qxa5 b6 20. Qh5 Ba6 21.
Ne4 Rf5 22. Rfe1 Qe7 23. Qg6 Raf8 24. Bg4 Rd5 25. Bxe6+ Kh8 26. Bxd5 cxd5 27.
Nd2 Qf7 28. Nf3 Qxg6 0-1

[Event "Tournoi Skype 024B"]
[Site "Skype"]
[Date "????.??.??"]
[Round "7.36"]
[White "Cengiz, Ali Ekber"]
[Black "Vervoort, Jean-Louis"]
[Result "1/2-1/2"]
[WhiteElo "1176"]
[BlackElo "1217"]
[PlyCount "56"]

1. e4 e5 2. Nf3 Nc6 3. Bc4 h6 4. c3 d6 5. d3 Nf6 6. h3 Be7 7. Be3 O-O 8. Nbd2
a6 9. a3 b5 10. Ba2 Na5 11. Qc2 c6 12. O-O-O Be6 13. c4 bxc4 14. dxc4 c5 15. g4
Nh7 16. h4 Bxg4 17. Rdg1 Bxf3 18. Nxf3 Kh8 19. h5 Rb8 20. Nd2 Rb6 21. b3 Qc7
22. Qc3 Nc6 23. f4 Bf6 24. fxe5 Bxe5 25. Qd3 Rfb8 26. Kc2 R8b7 27. Rb1 Qb8 28.
Rhf1 a5 1/2-1/2

[Event "Tournoi Skype 024B"]
[Site "Skype"]
[Date "????.??.??"]
[Round "7.37"]
[White "Baker, Abi"]
[Black "Schuh, David"]
[Result "1-0"]
[WhiteElo "1198"]
[BlackElo "1000"]
[PlyCount "63"]

1. c4 e5 2. Nc3 Nf6 3. e4 g6 4. g3 Bg7 5. Bg2 Nc6 6. Nge2 O-O 7. O-O d6 8. d3
Be6 9. Be3 Qe7 10. Qb3 b6 11. Nd5 Bxd5 12. exd5 Na5 13. Qb4 Rac8 14. Qb5 Ra8
15. d4 exd4 16. Nxd4 Nh5 17. Nc6 Qf6 18. Bd4 Qf5 19. Ne7+ Kh8 20. Bxg7+ Kxg7
21. Nxf5+ gxf5 22. Rae1 Nb7 23. Re7 a6 24. Qb3 Nc5 25. Qc3+ Kg6 26. Rxc7 Ne4
27. Qa3 Rfd8 28. f3 Ng5 29. g4 fxg4 30. fxg4 Ng7 31. Qd3+ f5 32. gxf5+ 1-0

[Event "Tournoi Skype 024B"]
[Site "Skype"]
[Date "????.??.??"]
[Round "7.38"]
[White "Porcabeuf, Jean-Marc"]
[Black "Bustos, Ricardo"]
[Result "1-0"]
[WhiteElo "1098"]
[BlackElo "1232"]
[PlyCount "65"]

1. e4 c5 2. Nf3 d6 3. Bc4 Nf6 4. Nc3 e6 5. d4 cxd4 6. Nxd4 a6 7. O-O Be7 8. Re1
O-O 9. Bf4 e5 10. Bg5 exd4 11. Qxd4 Nc6 12. Qd2 Ne5 13. Bb3 b5 14. Bf4 Nc4 15.
Qd3 Na5 16. Bd5 Rb8 17. Qf3 Bb7 18. Bxb7 Rxb7 19. Nd5 Nxd5 20. exd5 Nc4 21.
Rab1 Bg5 22. b3 Nb6 23. Rbd1 Bxf4 24. Qxf4 Re7 25. h4 Rxe1+ 26. Rxe1 Nxd5 27.
Qd4 Nf6 28. Re3 Re8 29. Rg3 Re4 30. Qd2 Rxh4 31. Qg5 Rg4 32. Rxg4 Nxg4 33.
Qxd8# 1-0

[Event "Tournoi Skype 024B"]
[Site "Skype"]
[Date "????.??.??"]
[Round "7.39"]
[White "Homme, Jim"]
[Black "Canova, Felix"]
[Result "1-0"]
[WhiteElo "1184"]
[BlackElo "1000"]
[PlyCount "93"]

1. d4 d5 2. Nf3 Nf6 3. Nbd2 Bg4 4. e4 dxe4 5. Be2 exf3 6. Bxf3 Bxf3 7. Nxf3
Nbd7 8. O-O e6 9. Bg5 Be7 10. Re1 O-O 11. Qd2 h6 12. Bf4 Nh5 13. Be3 Bd6 14.
Qe2 e5 15. dxe5 Bb4 16. c3 Bc5 17. Bxc5 Nxc5 18. Red1 Nf4 19. Qe3 Nd5 20. Qxc5
Re8 21. Rxd5 Qe7 22. Qd4 c6 23. Rc5 Rad8 24. Qe3 Qe6 25. Qe2 Qf5 26. Rc4 Rd5
27. Re4 b5 28. Nd4 Rxd4 29. cxd4 a6 30. Rc1 Re6 31. Re3 f6 32. Rf3 Qg4 33. h3
Qh4 34. Rd3 f5 35. d5 cxd5 36. Rxd5 Kh7 37. Rd6 Qe4 38. Qxe4 fxe4 39. Rxe6 a5
40. Re1 b4 41. Rxe4 a4 42. Rxb4 a3 43. bxa3 g6 44. Rb7+ Kg8 45. Rxg6+ Kf8 46.
Rc6 h5 47. Rc8# 1-0

[Event "Tournoi Skype 024B"]
[Site "Skype"]
[Date "????.??.??"]
[Round "7.40"]
[White "Alverson, Ginny"]
[Black "Gagnon, Sindy"]
[Result "1-0"]
[WhiteElo "1168"]
[BlackElo "1000"]
[PlyCount "31"]

1. Nf3 e5 2. Nxe5 f6 3. Nf3 Bd6 4. d4 Ne7 5. e3 O-O 6. Bc4+ Kh8 7. Nbd2 Nbc6 8.
O-O b6 9. Ne4 Bxh2+ 10. Nxh2 Bb7 11. Qh5 g6 12. Qg4 f5 13. Qf3 fxe4 14. Qxe4
Na5 15. Qe5+ Rf6 16. Qxf6# 1-0